George Ezra - Sweetest Human Being Alive Lyrics - Statistics

General Stats
  • This quiz has been taken 74 times
  • The average score is 251 of 308
Answer Stats
Lyrics % Correct
a
100%
I
100%
the
100%
you
100%
you,
100%
and
93%
be
93%
in
93%
mine
93%
my
93%
we
93%
what
93%
your
93%
alive
87%
being
87%
friends
87%
goodness
87%
gracious,
87%
gracious
87%
human
87%
is
87%
tell
87%
there
87%
time
87%
time,
87%
to
87%
by
80%
come
80%
date
80%
flame,
80%
for
80%
found
80%
future
80%
girl
80%
I'll
80%
meet
80%
of
80%
on
80%
save
80%
sweetest
80%
wait
80%
you'll
80%
bed
73%
cannot
73%
dance
73%
heaven's
73%
just
73%
know
73%
light
73%
love
73%
met
73%
moon
73%
now
73%
ooh
73%
out
73%
sky
73%
Somewhere
73%
we'll
73%
well,
73%
babe
67%
before,
67%
can't
67%
forever
67%
forever,
67%
hold
67%
home
67%
I've
67%
late
67%
life
67%
night
67%
oh
67%
once
67%
when
67%
while
67%
already
60%
another
60%
different
60%
maybe
60%
sakes
60%
sail
53%
through
53%
same
47%
kids
40%
uh
20%
No matching quizzes found
Score Distribution
Percent of People with Each Score
Percentile by Number Answered
Your Score History
You have not taken this quiz